Statistique de lexploitation (Record no. 9520)
[ view plain ]
| 000 -LEADER | |
|---|---|
| fixed length control field | 00256nam a22001217a 4500 |
| 040 ## - CATALOGING SOURCE | |
| Transcribing agency | SK |
| 082 ## - DEWEY DECIMAL CLASSIFICATION NUMBER | |
| Classification number | 519 |
| 100 ## - MAIN ENTRY--AUTHOR NAME | |
| Personal name | ENG LENG; អេង លេង |
| 245 ## - TITLE STATEMENT | |
| Title | Statistique de lexploitation |
| 260 ## - PUBLICATION, DISTRIBUTION, ETC. (IMPRINT) | |
| Place of publication | RUA |
| Name of publisher | ENG |
| Year of publication | 2000 |
| 300 ## - PHYSICAL DESCRIPTION | |
| Number of Pages | 82p. |
| 942 ## - ADDED ENTRY ELEMENTS (KOHA) | |
| Koha item type | សៀវភៅភាសាខ្មែរ |
| 952 ## - LOCATION AND ITEM INFORMATION (KOHA) | |
| Withdrawn status [LOCAL, KOHA] | 0 |
| Permanent Location | Date acquired | Koha item type | Lost status | Shelving location | Barcode | Current Location | Full call number |
|---|---|---|---|---|---|---|---|
| Library Block C | 2016-09-02 | សៀវភៅភាសាខ្មែរ | C164 | RUA045067 | Library Block C | 519 ENG 2000 C164 |